Využitie finančných prostriedkov v rámci integrovanej starostlivosti o duševné zdravie bakalárska práca

Saved in:
Bibliographic Details
Main Author: Ondová, Andrea
Corporate Author: Podnikovohospodárska fakulta EU so sídlom v Košiciach. Katedra hospodárskej informatiky a matematiky
Other Authors: Stričík, Michal, 1969-
Format: Book
Language:Slovak
Published: Košice 2013
Tags: Add Tag
No Tags, Be the first to tag this record!

MARC

LEADER 00000nbm a2200000 4500
001 0182660
005 20170314104938.6
041 0 |a slo 
044 |a SK 
245 1 0 |a Využitie finančných prostriedkov v rámci integrovanej starostlivosti o duševné zdravie  |b bakalárska práca  |c Andrea Ondová ; školiteľ: Michal Stričík 
264 1 |a Košice  |c 2013 
300 |a 47 s. 
100 1 |a Ondová, Andrea 
700 1 |a Stričík, Michal, 1969- 
710 2 |a Podnikovohospodárska fakulta EU so sídlom v Košiciach. Katedra hospodárskej informatiky a matematiky